| 000 | 00814nam a22002057a 4500 | ||
|---|---|---|---|
| 005 | 20231219114931.0 | ||
| 008 | 110317t xxu||||| |||| 00| 0 eng d | ||
| 010 | _aB-756681-684 ENG-18.10.23 | ||
| 020 |
_a9789391523862 _c599.00 |
||
| 035 | _aB-756681-684 | ||
| 037 | _bPansy Books | ||
| 082 | _a921 | ||
| 100 | 1 |
_926630 _aBhatia, Ravi |
|
| 245 | 1 | 0 |
_aDr. B.R. Ambedkar; _bA Radical Thinker and Massiah ofDalit/ _cBy - Ravi Bhatia |
| 260 |
_aDelhi _bR. Sons Books _c2023 |
||
| 270 |
_aHo. No. 1658, Gali No. 18, Nathu Colony Nathupura, _bDelhi _e110084 |
||
| 300 |
_a284p. _c21cm (HB) |
||
| 942 |
_2ddc _cEN _mBHA _h921 |
||
| 999 |
_c199517 _d199517 |
||